Series: Disney Channel - Statistiques

Statistiques générales
  • Ce quiz a été pris 94 fois
  • Le résultat moyen est 7 sur 18
Statistiques - réponses
Par images Réponse % Correct
Hannah Montana
92%
Jessie
90%
Liv et Maddie
86%
Camp Kikiwaka
71%
Les Sorciers de Waverly Place
65%
Jonas
59%
Phénomène Raven
53%
Le Monde de Riley
52%
La Vie de palace de Zack et Cody
37%
Lizzie McGuire
37%
Sonny
31%
Andi
30%
Gabby Duran, baby-sitter d'extraterrestres
5%
Phil du futur
4%
La Guerre des Stevens
2%
Aux frontières de l'étrange
1%
Fast Layne
1%
Adventures in Wonderland
0%
Aucun quiz correspondant
Distribution des résultats
% des personnes avec chaque résultat
Percentile par nombre de réponses
Votre historique - résultats
Vous n’avez pas pris ce quiz